000 00610nam a2200193 a 4500
001 sa 68008922
003 DLC
005 20260227112538.0
008 980923s1904 ii 000 0 tam
010 _asa 68008922
040 _aDLC
_cDLC
050 0 0 _aPL4758.6
_b.P313
100 1 _aPāṇṭitturaittēvar,
_d1867-1911.
245 1 0 _aCaivamañcari /
_cPō. Pāṇṭitturait Tēvarāl tokukkaper̲r̲tu.
260 _aMaturai :
_bTamil̲ccaṅka Muttrācālaip patippu,
_c1904.
300 _a1 v. (various pagings) ;
_c25 cm.
440 0 _aMaturait Tamil̲ccaṅkattu piracuram ;
_v2
546 _aIn Tamil.
999 _c82631
_d82631